[Event "Atom Cup GM 3rd"]
[Site "Paks"]
[Date "1998.??.??"]
[Round "6"]
[White "Csom, Istvan"]
[Black "Husari, Sate"]
[Result "1/2-1/2"]
[WhiteElo "2475"]
[BlackElo "2290"]

1.Nf3 Nf6 2.c4 g6 3.g3 Bg7 4.Bg2 O-O 5.d4 d6 6.Nc3 c6 7.O-O Qb6 8.c5 dxc5
9.Na4 Qd8 10.Nxc5 Nbd7 11.Nd3 Nb6 12.b3 a5 13.a3 Ne4 14.Bb2 a4 15.Nfe5 Nd6
16.Nc5 Bxe5 17.dxe5 Nb5 18.Qe1 Nc7 19.Rd1 Qe8 20.b4 Nc4 21.Qc3 Nxb2 22.Qxb2 b6
23.Ne4 Be6 24.Rd3 Bd5 25.Rc1 Rc8 26.Qd4 b5 27.Qe3 Kg7 28.Bh3 Be6 29.Bxe6 Nxe6
30.Qb6 h5 31.h4 Rd8 32.Rcc3 Rxd3 33.exd3 Qd8 34.Qxd8 Rxd8 35.f4 Nd4 36.Kf2 f6
37.Rc5 Nf5 38.Ke2 Nd4+ 39.Ke3 Nf5+ 40.Ke2 Nd4+ 41.Kf2 Nf5 42.exf6+ exf6 43.Rc3  1/2-1/2

[Event "Plzen opJ"]
[Site "Plzen"]
[Date "1998.??.??"]
[Round "3"]
[White "Brychta, David"]
[Black "Cedikova, Katerina"]
[Result "1/2-1/2"]
[WhiteElo "2140"]
[BlackElo "2055"]

1.Nf3 Nf6 2.c4 g6 3.g3 Bg7 4.Bg2 O-O 5.O-O d6 6.d4 Nc6 7.d5 Na5 8.Nfd2 c5
9.Nc3 a6 10.Qc2 Rb8 11.b3 b5 12.Bb2 bxc4 13.bxc4 Bh6 14.f4 e5 15.Rae1 Nh5
16.e3 exf4 17.gxf4 Bg7 18.Nd1 Bf5 19.Be4 Bxb2 20.Nxb2 Rxb2 21.Qxb2 Nxc4 22.Nxc4 Bxe4
23.Rd1 Qh4 24.Rd2 Qg4+ 25.Kf2 Qh4+ 26.Kg1  1/2-1/2

[Event "Ptuj"]
[Site "Ptuj"]
[Date "1998.??.??"]
[Round "?"]
[White "Petrosian, Arshak B"]
[Black "Maksimenko, Andrei"]
[Result "1/2-1/2"]
[WhiteElo "2500"]
[BlackElo "2500"]

1.Nf3 Nf6 2.c4 g6 3.g3 Bg7 4.Bg2 O-O 5.O-O c5 6.Nc3 Nc6 7.d3 d6 8.a3 Bd7
9.Rb1 a5 10.b3 Qc8 11.Re1 Bh3 12.Bh1 Ng4 13.Bb2 Rb8 14.a4 Qd7 15.Qd2 h6  1/2-1/2

[Event "CRO-Cup"]
[Site "Pula"]
[Date "1998.??.??"]
[Round "3"]
[White "Biliskov, Vjekoslav"]
[Black "Koznjak, Miroslav"]
[Result "0-1"]
[WhiteElo "2325"]
[BlackElo "2235"]

1.Nf3 Nf6 2.c4 g6 3.g3 Bg7 4.Bg2 O-O 5.d4 d6 6.O-O Nc6 7.Nc3 a6 8.d5 Na5
9.Nd2 c5 10.Rb1 Rb8 11.b3 b5 12.Bb2 bxc4 13.bxc4 Ng4 14.Qc2 Rb4 15.a3 Rxc4
16.Nxc4 Nxc4 17.Bc1 Qa5 18.Ne4 Nce5 19.Bd2 Qc7 20.Bc3 f5 21.Ng5 f4 22.Ne6 Bxe6
23.dxe6 fxg3 24.hxg3 d5 25.Bd4 Nc4 26.Bxg7 Kxg7 27.Qc3+ Kg8 28.Bxd5 Nce3
29.Bf3 c4 30.Bxg4 Nxg4 31.Qd4 Ne5 32.Qb6 Qc8 33.Qe3 Ng4 34.Qe4 Nf6 35.Qe5 Ng4
36.Qe4 Nf6 37.Qe3 Ng4 38.Qb6 c3 39.Rbc1 Qc4 40.Rc2 Qd5 41.f3 Qe5 42.e4 Rb8
43.Qa7 Rb2 44.Rxb2 cxb2 45.Kg2 Qb5 46.fxg4 Qxf1+ 47.Kxf1 b1=Q+ 48.Ke2 Qa2+
49.Kf1 Qxe6 50.Qc5 Qxe4 51.Kf2 Kf7 52.Qc8 Qe6 53.Qc5 Qxg4 54.Kg2 h5  0-1

[Event "CRO-chT2"]
[Site "Pula"]
[Date "1998.??.??"]
[Round "6"]
[White "Bistric, Faruk"]
[Black "Petrovic, Zvonko"]
[Result "1-0"]
[WhiteElo "2430"]
[BlackElo "2275"]

1.Nf3 Nf6 2.g3 g6 3.c4 Bg7 4.Bg2 O-O 5.d4 c5 6.Nc3 cxd4 7.Nxd4 Nc6 8.O-O Nxd4
9.Qxd4 d6 10.Qd3 Rb8 11.Bd2 a6 12.Rac1 Be6 13.b3 Qd7 14.a4 Bh3 15.e4 Bxg2
16.Kxg2 Rfd8 17.f3 e6 18.Rfd1 Qc6 19.Be3 Nd7 20.Qxd6 Ne5 21.Qxd8+  1-0

[Event "CRO-chT2"]
[Site "Pula"]
[Date "1998.??.??"]
[Round "9"]
[White "Goric, Esad"]
[Black "Rade, Miroslav"]
[Result "1-0"]
[WhiteElo "2310"]
[BlackElo "2335"]

1.Nf3 Nf6 2.g3 g6 3.Bg2 Bg7 4.c4 O-O 5.O-O d5 6.d4 dxc4 7.Qa4 Nfd7 8.Qxc4 Nb6
9.Qc2 Nc6 10.e3 a5 11.Qe2 Bf5 12.Rd1 Qd7 13.Nc3 Rfd8 14.Nh4 Bh3 15.Bd2 e5
16.dxe5 Nxe5 17.Be1 Qe6 18.Bxh3 Qxh3 19.f4 Ng4 20.Nf3 h6 21.e4 Nd7 22.Kh1 Qh5
23.Rd5 g5 24.fxg5 Bxc3 25.Bxc3 Nxh2 26.Qxh2 Qxf3+ 27.Qg2 Qh5+ 28.Kg1 Nb6
29.Rf5 hxg5 30.g4 Qh6 31.Bf6 Kh7 32.Bxd8 Rxd8 33.Rxf7+ Kg8 34.Raf1 Nc4 35.Qh2 Qg6
36.Qh5 Qxh5 37.gxh5 Rc8 38.h6 Kh8  1-0

[Event "SWE-ch qualB"]
[Site "Ronneby"]
[Date "1998.??.??"]
[Round "?"]
[White "Zetterberg, Staffan"]
[Black "Blomstrom, Lars"]
[Result "0-1"]
[WhiteElo "2200"]
[BlackElo "2160"]

1.Nf3 Nf6 2.c4 g6 3.g3 Bg7 4.Bg2 O-O 5.O-O d6 6.Nc3 e5 7.d3 Nc6 8.Rb1 a5
9.a3 h6 10.b4 axb4 11.axb4 Be6 12.b5 Ne7 13.Bb2 Qd7 14.Re1 Bh3 15.Bh1 Ng4
16.Qb3 Kh8 17.Ra1 Rab8 18.Ra7 f5 19.Nd5 f4 20.Nxe7 Qxe7 21.c5 dxc5 22.Qd5 fxg3
23.hxg3 Qd6 24.Nh4 Qf6 25.Nf3 Qb6 26.Raa1 c4 27.e3 cxd3 28.Qxd3 Rbd8 29.Qe4 Qxb5
30.Rab1 Nxf2 31.Kxf2 Rd2+ 32.Kg1 Rxb2 33.Rxb2 Qxb2 34.Qxg6 Bf5 35.Qh5 e4
36.Nh4 Bh7 37.Re2 Qe5 38.Qg4 Qg5 39.Qh3 Be5 40.Kh2 b5 41.Rd2 Rg8  0-1

[Event "Serbian-ch 29th"]
[Site "Sabac"]
[Date "1998.??.??"]
[Round "8"]
[White "Kogan, Artur"]
[Black "Vuckovic, Bojan"]
[Result "0-1"]
[WhiteElo "2505"]
[BlackElo "2320"]

1.Nf3 Nf6 2.c4 g6 3.g3 Bg7 4.Bg2 O-O 5.O-O d6 6.d4 c5 7.d5 b5 8.cxb5 a6 9.Nc3 axb5
10.Nxb5 Ba6 11.Na3 Bb7 12.Ng5 Bxd5 13.Bxd5 Nxd5 14.Qxd5 Rxa3 15.Rb1 Ra6 16.a3 Nc6
17.Qc4 Rb6 18.b4 Nd4 19.e3 d5 20.Qxc5 Ne2+ 21.Kg2 d4 22.Nf3 Rf6 23.exd4 Rxf3
24.Kxf3 Nxd4+ 25.Kg2 Qa8+ 26.f3 Rc8 27.Qa5 Qb7 28.b5 Qd5 29.Bd2 Rc2 30.Rbd1 Nb3
31.Qb4 Nxd2 32.Rf2 Bc3 33.Qxe7 Qa2 34.b6 Ne4 35.Rd8+ Kg7 36.Qf8+ Kf6 37.Qh8+ Kg5
38.h4+ Kh6 39.Qf8+ Bg7  0-1

[Event "Saint Quentin op"]
[Site "Saint Quentin"]
[Date "1998.??.??"]
[Round "4"]
[White "Kirov, Nino"]
[Black "Krivokapic, Ratko"]
[Result "1-0"]
[WhiteElo "2395"]
[BlackElo "2225"]

1.Nf3 Nf6 2.g3 g6 3.Bg2 Bg7 4.c4 O-O 5.Nc3 d6 6.d4 Nbd7 7.O-O e5 8.h3 a6
9.dxe5 dxe5 10.Be3 Qe7 11.Nd5 Nxd5 12.cxd5 e4 13.Nd2 f5 14.Rc1 Bxb2 15.Rxc7 Be5
16.Rc1 b5 17.Nb3 f4 18.d6 Qe6 19.gxf4 Bxf4 20.Nd4 Qe5 21.Bxf4 Rxf4 22.Nc6 Qg5
23.Ne7+ Kg7 24.Nxc8 Ne5 25.Qd4 Kh6 26.d7 Nf3+ 27.exf3 exf3 28.Qxf4  1-0

[Event "Balazs mem op"]
[Site "Salgotarjan"]
[Date "1998.??.??"]
[Round "9"]
[White "Szarvas, Sandor"]
[Black "Mede, Istvan"]
[Result "1/2-1/2"]
[WhiteElo "2225"]
[BlackElo "2175"]

1.c4 Nf6 2.Nf3 g6 3.g3 Bg7 4.Bg2 O-O 5.O-O d6 6.d4 Nc6 7.Nc3 a6 8.b3 Rb8
9.Bg5 h6 10.Bxf6 Bxf6 11.Qd2 Bg7 12.d5 Ne5 13.Nd4 Bd7 14.f4 c5 15.Nc2 Ng4
16.h3 Nf6 17.e4 Ne8 18.Rac1 Qa5 19.Ne3 b5  1/2-1/2

[Event "San Francisco Linklater"]
[Site "San Francisco"]
[Date "1998.??.??"]
[Round "6"]
[White "Cusi, Ronald"]
[Black "Mar, Craig"]
[Result "1/2-1/2"]
[WhiteElo "2375"]
[BlackElo "2420"]

1.c4 Nf6 2.Nf3 g6 3.g3 Bg7 4.Bg2 O-O 5.O-O d6 6.d4 c6 7.Nc3 Nbd7 8.e4 e5
9.h3 a6 10.Re1 Rb8 11.Be3 Re8 12.Qc2 exd4 13.Nxd4 c5 14.Nde2 b5 15.Rad1 b4
16.Nd5 Nxd5 17.Rxd5 Rb6 18.Red1 Qe7 19.R5d2 Ne5 20.Nf4 Be6 21.b3 Nc6 22.Nd5 Bxd5
23.exd5 Nd4 24.Bxd4 Bxd4 25.Bf3 Qg5 26.Kg2 Rb7 27.Re2 Rxe2 28.Qxe2 Re7 29.Qd2 Qf6
30.h4 h5 31.Qc2 a5 32.Rd2 Re5 33.Re2 Qe7 34.Qd2 Rxe2 35.Qxe2 Qxe2 36.Bxe2  1/2-1/2

[Event "POL-ch (Women)"]
[Site "Sopot"]
[Date "1998.??.??"]
[Round "?"]
[White "Bobrowska, Monika"]
[Black "Zielinska, Marta"]
[Result "1/2-1/2"]
[WhiteElo "2320"]
[BlackElo "2350"]

1.Nf3 Nf6 2.c4 g6 3.g3 Bg7 4.Bg2 O-O 5.O-O d5 6.cxd5 Nxd5 7.d4 Nb6 8.Ne5 c5
9.dxc5 Qxd1 10.Rxd1 Na4 11.c6 Nxc6 12.Nxc6 bxc6 13.Bxc6 Bxb2 14.Bxa8 Bxa1
15.Bg5 Bf6 16.Bxf6 exf6 17.Bc6 Nb6 18.Nc3 Be6 19.Ne4 Rc8 20.Bb7 Rb8 21.Ba6 Kg7
22.Nc3 Nd7 23.Bc4 Bxc4 24.Rxd7 a6 25.Rd2 f5 26.f4 Be6 27.Kf2 Rc8 28.Rd3 Bc4
29.Rd6 Be6 30.Rd3  1/2-1/2

[Event "ROM-chT"]
[Site "Sovata"]
[Date "1998.??.??"]
[Round "2"]
[White "Marin, Mihail"]
[Black "Stoica, Valentin"]
[Result "1/2-1/2"]
[WhiteElo "2545"]
[BlackElo "2470"]

1.Nf3 Nf6 2.c4 g6 3.g3 Bg7 4.Bg2 O-O 5.O-O d5 6.d4 dxc4 7.Na3 Nc6 8.Nxc4 Be6
9.b3 Bd5 10.Bb2 a5 11.a4 Nb4 12.Nfe5 Bxg2 13.Kxg2 c6 14.Re1 b5 15.Na3 Nd7
16.Nf3 bxa4 17.bxa4 c5 18.Rc1 cxd4 19.Bxd4 Nb6 20.Nb5 Bxd4 21.Nfxd4 Rc8 22.Qb3 Qd7
23.Red1  1/2-1/2

[Event "ROM-chT"]
[Site "Sovata"]
[Date "1998.??.??"]
[Round "4"]
[White "Marin, Mihail"]
[Black "Foisor, Ovidiu"]
[Result "1-0"]
[WhiteElo "2545"]
[BlackElo "2445"]

1.Nf3 Nf6 2.c4 g6 3.g3 Bg7 4.Bg2 O-O 5.O-O c6 6.d4 d6 7.Nc3 Bf5 8.b3 Ne4
9.Bb2 Nxc3 10.Bxc3 Be4 11.e3 Nd7 12.Qe2 Nf6 13.Rfc1 d5 14.Bf1 Bxf3 15.Qxf3 Ne4
16.Be1 e5 17.dxe5 Bxe5 18.Rab1 Qe7 19.b4 Bf6 20.Bg2 Rfe8 21.Rb3 Qe6 22.cxd5 cxd5
23.Qd1 Rad8 24.Rd3 h5 25.h4 d4 26.exd4 Qxa2 27.Bxe4 Rxe4 28.d5 Rde8 29.Bd2 Bd4
30.d6 Rd8 31.Qf3 Qe6 32.Bf4 Bb6 33.b5 Rd7 34.Rd2 Kh7 35.Kg2 Qf5 36.Rc8 Qe6
37.Bg5 f5 38.Qc3 Re5 39.Bf4  1-0

[Event "SVK-chT 9899"]
[Site "SVK"]
[Date "1998.??.??"]
[Round "3"]
[White "Kolesar, Milan"]
[Black "Kaniansky, Miroslav"]
[Result "0-1"]
[WhiteElo "2215"]
[BlackElo "2175"]

1.Nf3 Nf6 2.c4 g6 3.g3 Bg7 4.Bg2 O-O 5.d4 d6 6.O-O Nc6 7.Nc3 a6 8.d5 Na5
9.Nd2 c5 10.Rb1 Rb8 11.b3 b5 12.Bb2 Nd7 13.Ba1 bxc4 14.bxc4 Rxb1 15.Qxb1 Ne5
16.Qe4 Bh6 17.Ndb1 Bf5 18.Qh4 Bg7 19.Na3 Bf6 20.Qf4 Qd7 21.e4 Qa4 22.exf5 Qxa3
23.Ne4 Naxc4 24.Nxf6+ exf6 25.fxg6 fxg6 26.Bh3 Kg7 27.Be6 Rb8 28.Qc1 Qxc1
29.Rxc1 Nd2 30.f4 Nd3 31.Rd1 Rb1 32.Bg4 Kf7 33.Bc3 Rxd1+ 34.Bxd1 Ne4 35.Ba5 Nb4
36.a3 Nxd5 37.Bb3 Ke6 38.g4 f5 39.g5 c4 40.Bxc4 Nc5 41.Kf2 Nd7 42.Bc7 Nc5
43.Ba5 Nd7 44.Kf3 Nb8 45.Bd2 Nc6 46.Bxa6 Nd4+ 47.Kf2 Kd7 48.Bd3 Kc6 49.Kg3 Kc5
50.h4 Nb3 51.Be1 Kd4 52.Bc2 Nc5 53.a4 Ke3 54.Bf2+ Kd2 55.Bxc5 dxc5 56.Bb3 Ne3
57.a5 c4 58.Ba4 c3 59.a6 Nc4 60.a7 Nb6  0-1

[Event "SVK-chT1E 9899"]
[Site "SVK"]
[Date "1998.??.??"]
[Round "4"]
[White "Koval, Daniel"]
[Black "Giertli, Vladimir"]
[Result "0-1"]
[WhiteElo "2225"]
[BlackElo "2140"]

1.c4 Nf6 2.g3 g6 3.Bg2 Bg7 4.Nf3 O-O 5.O-O d6 6.d4 Nbd7 7.Qc2 c6 8.Rd1 Qc7
9.Nc3 Re8 10.b3 e5 11.e4 Nf8 12.Ba3 Bg4 13.dxe5 dxe5 14.h3 Bxf3 15.Bxf3 Rad8
16.Ne2 Ne6 17.Bb2 h5 18.b4 a5 19.a3 Nh7 20.c5 Nhf8 21.Qc4 Rxd1+ 22.Rxd1 Rd8
23.Rd3 axb4 24.axb4 Rxd3 25.Qxd3 Nd7 26.Bg2 b6 27.cxb6 Nxb6 28.Qc2 Nd7 29.Kh2 Qb6
30.Ba3 Qxf2 31.Qxc6 Qxe2 32.Qxd7 h4 33.Qc8+ Bf8 34.Qc3 hxg3+ 35.Qxg3 Bh6
36.Qf3 Bf4+ 37.Kg1 Qe1+ 38.Bf1 Nd4 39.Qg2 Qe3+  0-1

[Event "SVK-chT 9798"]
[Site "SVK"]
[Date "1998.??.??"]
[Round "5"]
[White "Sergeev, Vladimir"]
[Black "Petrik, Karol"]
[Result "1/2-1/2"]
[WhiteElo "2465"]
[BlackElo "2220"]

1.Nf3 Nf6 2.g3 g6 3.Bg2 Bg7 4.c4 O-O 5.Nc3 d6 6.O-O Bg4 7.h3 Bxf3 8.Bxf3 Nc6
9.d3 Nd7 10.Rb1 Rb8 11.Bg5 Nd4 12.Bg2 a6 13.b4 b5 14.cxb5 axb5 15.Bd2 Rb6
16.e3 Ne6 17.a4 bxa4 18.Nxa4 Ra6 19.b5 Ra7 20.d4 Qb8 21.Qb3 Rc8 22.f4 Nb6
23.Nb2 Nd8 24.Rfc1 e6 25.Nd3 d5 26.Nc5 Qa8 27.Qd1 c6 28.g4 Nc4 29.Rxc4 dxc4
30.b6 Ra2 31.b7 Nxb7 32.Nxb7 Rb8 33.Bxc6 Qa6 34.Be4 f5 35.Bf3 Bf8 36.Be1 Qa3
37.Qc1 Qd3 38.Bc3 Ba3 39.Qe1 Qc2 40.Kf1 Qh2 41.Bc6 Qxh3+ 42.Kg1 Qh2+ 43.Kf1 fxg4
44.Ra1 Qh3+ 45.Kg1 Rxa1 46.Bxa1 g3 47.Bg2 Qh2+ 48.Kf1 Qh5 49.Qb1 Qa5 50.Qe4 Qf5
51.Bc3 Be7 52.Ke2 Ra8 53.Na5 Rxa5 54.Bxa5 Qxa5 55.Qxe6+ Kf8 56.Qxc4 Qh5+
57.Kd2 Qh2 58.Qc8+ Kf7 59.Qb7 Kf8 60.Qa8+ Kf7 61.Qb7 Kf8 62.Qa8+ Kg7 63.Qe4 Bb4+
64.Kd3 Be7 65.Kc4 Qh5 66.Qe5+ Qxe5 67.dxe5  1/2-1/2

[Event "SVK-chT1E 9798"]
[Site "SVK"]
[Date "1998.??.??"]
[Round "8"]
[White "Jelen, Peter"]
[Black "Hlinka, Vasil"]
[Result "0-1"]
[WhiteElo "2150"]
[BlackElo "2170"]

1.c4 Nf6 2.Nf3 g6 3.g3 Bg7 4.Bg2 O-O 5.O-O d6 6.Nc3 Nc6 7.Rb1 Bf5 8.d3 Qc8
9.Re1 Bh3 10.Bh1 h6 11.Bd2 Ng4 12.Nd5 e5 13.b4 Qd7 14.b5 Ne7 15.Nxe7+ Qxe7
16.Nh4 Rab8 17.Qa4 e4 18.dxe4 Bd4 19.e3 Bf6 20.Ng2 g5 21.Rec1 Ne5 22.Ne1 Ra8
23.Qb3 Bg7 24.Nd3 a6 25.bxa6 Rxa6 26.Nb4 Ra7 27.Bc3 Rfa8 28.Bxe5 Qxe5 29.Nd5 b6
30.Qb5 Rxa2 31.Nxc7 Qf6 32.f3 Qd4 33.Qxb6 Qd2  0-1

[Event "EST-chT"]
[Site "Tallinn"]
[Date "1998.??.??"]
[Round "2"]
[White "Sergejev, Roman"]
[Black "Kulaots, Kaido"]
[Result "1/2-1/2"]
[WhiteElo "2385"]
[BlackElo "2450"]

1.Nf3 Nf6 2.c4 g6 3.g3 Bg7 4.Bg2 O-O 5.d4 d6 6.O-O Nc6 7.Nc3 Bf5 8.Ne1 Qd7
9.e4 Bh3 10.Nc2 Bxg2 11.Kxg2  1/2-1/2

[Event "ROM-chT"]
[Site "Timisu de Sus"]
[Date "1998.??.??"]
[Round "2"]
[White "Badea, Bela"]
[Black "Foisor, Ovidiu"]
[Result "1/2-1/2"]
[WhiteElo "2530"]
[BlackElo "2475"]

1.Nf3 Nf6 2.c4 g6 3.g3 Bg7 4.Bg2 O-O 5.O-O c6 6.b3 Ne4 7.d4 d5 8.Bb2 a5 9.Nbd2 Bf5
10.Rc1 Nd7 11.Nh4 Nxd2 12.Qxd2 Be6 13.e4 dxe4 14.Bxe4 a4 15.Bc3 axb3 16.axb3 Bh3
17.Rfd1 e5 18.d5 Nc5 19.Bc2 cxd5 20.Qxd5 Qc7 21.Qd6 Rfc8 22.Qxc7 Rxc7 23.b4 Ne6
24.c5 Ra3 25.Be4 Ra4 26.Nf3 Nd4 27.Nxd4 exd4 28.Bc2 Ra2 29.Bb1 Ra4 30.Bd2 Bd7
31.Bd3 Ra3 32.Bc4 Be6 33.Bxe6 fxe6 34.Ra1 Rb3 35.Ra7 Kf7 36.Rc1 Re7 37.f4 d3
38.Rd1 e5 39.fxe5 Bxe5 40.Kg2 Ke6 41.Kf3 Kd5 42.Kg4 Bf6 43.h4 h5+ 44.Kh3 Rd7
45.Ra8 Rd8 46.Ra7 Rd7 47.Ra8 Bc3 48.Bf4 Kc4 49.Rg8 Bxb4 50.Rxg6 d2 51.c6 bxc6
52.Rxc6+ Kd3 53.Bxd2 Bxd2 54.Rc8 Ke2  1/2-1/2

[Event "RUS-ch sf"]
[Site "Tula"]
[Date "1998.??.??"]
[Round "3"]
[White "Shestakov, Sergei S"]
[Black "Bratchenko, Alexander"]
[Result "1/2-1/2"]
[WhiteElo "2325"]
[BlackElo "2355"]

1.Nf3 Nf6 2.c4 g6 3.g3 Bg7 4.Bg2 O-O 5.O-O d6 6.d4 c5 7.dxc5 dxc5 8.Nc3 Nc6
9.Be3 Qa5 10.Bd2 Qc7 11.Bf4 Qa5 12.Bd2  1/2-1/2

[Event "RUS-ch sf"]
[Site "Tula"]
[Date "1998.??.??"]
[Round "9"]
[White "Shestakov, Sergei S"]
[Black "Cherniaev, Alexander"]
[Result "1/2-1/2"]
[WhiteElo "2325"]
[BlackElo "2465"]

1.Nf3 Nf6 2.c4 g6 3.g3 Bg7 4.Bg2 O-O 5.O-O d6 6.d4 Nc6 7.d5 Nb8 8.Nc3 c6
9.Bf4 cxd5 10.cxd5 Bg4 11.h3 Bxf3 12.exf3 Nbd7 13.Re1 Re8 14.Be3 Qa5 15.Rb1 Rec8
16.Bd4 Qd8 17.Qe2 Kf8 18.f4 Ne8 19.Rbd1 Bxd4 20.Rxd4 Ndf6 21.g4 Ng7 22.h4 Qd7
23.Bh3 h5 24.f3 Re8 25.Ne4 Qc7 26.g5 Nxe4 27.fxe4 e5 28.dxe6 Nxe6 29.Bxe6 Rxe6
30.Qc4 Qd7 31.Qd5 Re7 32.f5 gxf5 33.Qxd6 Qxd6 34.Rxd6 fxe4 35.Kf2 Rc8 36.Re2 e3+
37.Kg3 Rc1 38.Rh6 Rg1+ 39.Kf3 Rf1+ 40.Kg3 Kg7 41.Rxh5 Re4 42.Rh6 f5 43.Kg2 Rff4
44.Rf6 Re5 45.Kg3 Rg4+ 46.Kh3 Ree4 47.Rxf5 Rxh4+ 48.Kg3 Kg6 49.Rb5 Rhg4+
50.Kf3 Rgf4+ 51.Kg3 Rf7 52.Rb3 Kxg5 53.Rbxe3 Rg4+ 54.Kh2 Rh7+ 55.Rh3 Rxh3+
56.Kxh3 Kf5 57.Re7 Rb4 58.Re2 Re4 59.Rf2+ Ke5 60.Rc2 Kd5 61.Kg3 Rc4 62.Rd2+ Ke4
63.Kf2 b5 64.Ke2 Rc1 65.Rd7 Rc2+ 66.Kd1 Rxb2 67.Rxa7 Kd3 68.Kc1 Rg2 69.Ra3+ Kc4  1/2-1/2

[Event "Val Thorens op"]
[Site "Val Thorens"]
[Date "1998.??.??"]
[Round "?"]
[White "Kirov, Nino"]
[Black "Louis, Jean Philipp"]
[Result "0-1"]
[WhiteElo "2395"]
[BlackElo "2070"]

1.Nf3 Nf6 2.g3 g6 3.Bg2 Bg7 4.c4 O-O 5.O-O d6 6.d4 Nc6 7.Nc3 Bg4 8.d5 Na5
9.Nd2 c5 10.Qc2 a6 11.h3 Bd7 12.b3 b5 13.Bb2 bxc4 14.bxc4 Rb8 15.Nd1 e5 16.Kh2 Nh5
17.e3 f5 18.f4 exf4 19.exf4 Bxb2 20.Nxb2 Qf6 21.Nd3 Rfe8 22.Rae1 Qd4 23.Rxe8+ Rxe8
24.Ne1 Re2 25.Nef3 Qe3 26.Qb2 Qd3 27.Qb8+ Be8 28.Qxd6 Nxc4 29.Nxc4 Qxc4 30.Ne5 Qe4
31.Rg1 Nxf4 32.gxf4 Qxf4+ 33.Kh1 Qxe5 34.Qxc5 f4 35.Rf1 Re1 36.Qf2 Rxf1+
37.Qxf1 Bb5 38.Qc1 Kg7 39.Qd1 Be2 40.Qb3 Qe3 41.d6 Qxb3 42.axb3 Kf6  0-1

[Event "Vienna op 13th"]
[Site "Vienna"]
[Date "1998.??.??"]
[Round "?"]
[White "Hirsch, Adolf"]
[Black "Kranzl, Peter"]
[Result "0-1"]
[WhiteElo "2065"]
[BlackElo "2290"]

1.Nf3 Nf6 2.c4 g6 3.g3 Bg7 4.Bg2 O-O 5.d4 d6 6.O-O c6 7.Nc3 Bf5 8.Nh4 Be6
9.d5 cxd5 10.cxd5 Bd7 11.Be3 Na6 12.Bd4 Nc7 13.Qd2 Nb5 14.Nxb5 Bxb5 15.Rfc1 Qd7
16.Rc3 b6 17.Rac1 Rac8 18.e4 Ba6 19.f4 Qa4 20.e5 dxe5 21.fxe5 Ng4 22.Rxc8 Rxc8
23.Rxc8+ Bxc8 24.b3 Bh6 25.bxa4 Bxd2 26.d6 exd6 27.exd6 Bd7 28.Nf3 Bb4 29.h3 Bxd6
30.hxg4 Bxa4 31.Nd2 Bxg3 32.Ne4 Bf4 33.Nf6+ Kf8 34.Kf2 h6 35.Be4 Bd1 36.Bf3 Ba4
37.Be3 Bxe3+ 38.Kxe3 Kg7 39.Ne4 Bd7 40.Kd4 f5 41.gxf5 Bxf5 42.Nd6 Bd7 43.Ke5 h5
44.Ne4 h4 45.Kd6 Bf5 46.Nf2 Kf6 47.a3 h3 48.Kc6 Ke5 49.Kb7 Kf4 50.Bc6 g5
51.Kxa7 g4 52.Kxb6 g3 53.Nxh3+ Bxh3 54.a4 Bd7 55.Bg2 Bxa4 56.Kc5 Ke3 57.Kd6 Kf2
58.Bd5  0-1

[Event "GER CupT sf"]
[Site "Walldorf"]
[Date "1998.??.??"]
[Round "?.4"]
[White "Stangl, Markus"]
[Black "Doettling, Fabian"]
[Result "1/2-1/2"]
[WhiteElo "2530"]
[BlackElo "2345"]

1.Nf3 Nf6 2.c4 g6 3.g3 Bg7 4.Bg2 O-O 5.d4 d6 6.O-O Nc6 7.Nc3 Rb8 8.Re1 a6
9.Rb1 b5 10.cxb5 axb5 11.b4 e5 12.dxe5 dxe5 13.Be3 Bf5 14.Rb2 Ne4 15.Qxd8 Rfxd8
16.Nxe4 Bxe4 17.Rc1 Bd5 18.Ng5 e4 19.Rd2 Nxb4 20.a3 Na6 21.Nxe4 Ba8 22.Rcc2 Rxd2
23.Rxd2 b4 24.axb4 Nxb4 25.Nc5 Bxg2 26.Kxg2 c6 27.Bf4 Re8 28.e4 Bc3 29.Rd7 Nc2
30.Rc7 Bd4 31.Nb3 Rxe4 32.Rxc6 Ne1+ 33.Kf1 Bb2 34.Nd2 Re8 35.Nc4 Nd3 36.Bd6 Ne5
37.Bxe5 Bxe5 38.f4 Bg7 39.Rc7 Rd8 40.Ke2 Bf6 41.Ke3 h5 42.f5 Kg7  1/2-1/2

[Event "GER-ch int Seniors"]
[Site "Weilburg"]
[Date "1998.??.??"]
[Round "8"]
[White "Diehl, Klaus"]
[Black "Lainburg, Victor"]
[Result "1/2-1/2"]
[WhiteElo "2135"]
[BlackElo "2230"]

1.Nf3 g6 2.g3 Bg7 3.Bg2 Nf6 4.c4 O-O 5.Nc3 d5 6.cxd5 Nxd5 7.O-O c5 8.Qb3 Nb6
9.d3 Nc6 10.Qb5 Nd7 11.Qa4 a6 12.Qh4 Re8 13.Ne4 Nd4 14.Nxd4 cxd4 15.Bg5 Nf8
16.Rfc1 Ne6 17.Bd2 Qb6 18.b3 Bd7 19.Rc2 Bf8 20.Rac1 Rac8 21.Kf1 Rxc2 22.Rxc2 Rc8
23.Rxc8 Bxc8 24.Ke1 Bd7 25.Ng5 Nxg5 26.Qxg5 Bc6 27.Bh3 e6 28.Qa5 Qxa5 29.Bxa5 Bc5
30.Kf1 Kf8 31.Bg2 Ke7 32.Bxc6 bxc6 33.g4 f5 34.f3 Kd6 35.Kf2 Kd5 36.h3 Bd6
37.Bb6 c5 38.Ba5  1/2-1/2

[Event "POL-chT2"]
[Site "Wisla"]
[Date "1998.??.??"]
[Round "?"]
[White "Kopacz, Grzegorz"]
[Black "Orzech, Dominik"]
[Result "0-1"]
[WhiteElo "2175"]
[BlackElo "2135"]

1.Nf3 Nf6 2.c4 g6 3.g3 Bg7 4.Bg2 O-O 5.O-O d6 6.d4 Nbd7 7.Nc3 e5 8.b3 Re8
9.dxe5 dxe5 10.Bb2 c6 11.Qc2 Nc5 12.Rad1 Qb6 13.e4 Bg4 14.Rd2 Bh6 15.Rd6 Bg7
16.Rfd1 a5 17.Ba3 Ne6 18.c5 Qc7 19.Ne2 Bxf3 20.Bxf3 Bf8 21.Bb2 Bxd6 22.cxd6 Qd8
23.Bg2 Nd7 24.f4 f6 25.Bh3 Qb6+ 26.Kh1 Qc5 27.Qd3 a4 28.Rf1 Nef8 29.a3 Qb6
30.Qc4+ Kg7 31.b4 Qe3 32.Nc1 exf4 33.Rxf4 g5 34.Bd4 Ne5 35.Qc5 b6 36.Bxe3 bxc5
37.Rf1 cxb4 38.axb4 g4 39.Bg2 Ne6 40.Na2 Red8 41.Rd1 Nc4 42.Bf4 Ra7 43.Bf1 Ne5
44.Be3 Rad7 45.Bc5 Nxc5 46.bxc5 Rb7 47.Nc3 a3 48.Ra1 Ra8 49.Nd5 cxd5 50.exd5 a2
51.c6 Rb1  0-1

[Event "Zadar op"]
[Site "Zadar"]
[Date "1998.??.??"]
[Round "2"]
[White "Petrov, Jole"]
[Black "Jankovic, Alojzije"]
[Result "1/2-1/2"]
[WhiteElo "2335"]
[BlackElo "2185"]

1.Nf3 Nf6 2.c4 g6 3.g3 Bg7 4.Bg2 O-O 5.Nc3 d6 6.d4 Nbd7 7.O-O e5 8.h3 c6
9.e4 exd4 10.Nxd4 Qb6 11.Re1 Ne8 12.Nb3 a5 13.Be3 Qb4 14.a3 Qxc4 15.Nd4 f6
16.Bf1 Qf7 17.f4 f5 18.Bf2 fxe4 19.Nxe4 h6 20.Qc2 Ndf6 21.Bd3 Bxh3 22.Nxf6+ Nxf6
23.Bxg6 Qd5 24.Be3 Ng4 25.Be4 Qf7 26.Nf5 Nxe3 27.Nxe3 Qf6 28.Re2 Rae8 29.Bg6 Rd8
30.f5 Qg5 31.Kh2 Be5 32.Rg1 Qh4 33.Qb3+ Kh8 34.Ng2 Bxg2+ 35.Kxg2 Qg4 36.Qe3 Kg7
37.Rh1 Rh8 38.Rh4 Qg5 39.Qd3 Rd7 40.Qf3 Qf6 41.Qd3 Re7 42.Rg4 Kf8 43.Qd2 b6
44.Bh5 Rg8 45.Bg6 Rh8 46.b4 axb4 47.axb4 Bc3 48.Qd3 Rxe2+ 49.Qxe2 Qe5 50.Qa6 d5
51.f6 Qb8 52.Qf1 h5 53.Rg5 Qd8 54.Rf5 Rh6 55.Qf3 Rxg6 56.Qxc3 Qd6 57.f7 d4
58.Qe1 Qe6 59.Re5 Qxf7 60.Rxh5 Rxg3+ 61.Qxg3 Qxh5 62.Qd6+ Kg7 63.Qxd4+ Kf7  1/2-1/2

[Event "Zadar op"]
[Site "Zadar"]
[Date "1998.??.??"]
[Round "4"]
[White "Vaulin, Alexander"]
[Black "Licardo, Renato"]
[Result "1-0"]
[WhiteElo "2535"]
[BlackElo "2185"]

1.Nf3 Nf6 2.c4 g6 3.g3 Bg7 4.Bg2 O-O 5.O-O d5 6.cxd5 Nxd5 7.Nc3 Nxc3 8.bxc3 c5
9.d4 Nc6 10.e3 cxd4 11.cxd4 Be6 12.Re1 Bd5 13.Bb2 Be4 14.Bf1 Nb4 15.Ng5 Bc6
16.Qd2 e6 17.Nxe6 fxe6 18.Qxb4 Qf6 19.f4 Qf5 20.Qd2 Rfc8 21.Rac1 Qd5 22.e4 Qd6
23.Bg2 Rc7 24.d5 exd5 25.exd5 Rd8 26.Be5 Bxe5 27.fxe5 Qa3 28.Qg5 Rf8 29.dxc6 Qxa2
30.cxb7 Qf2+ 31.Kh1 Rc2 32.Rg1 Re2 33.Rcf1  1-0

[Event "Ardid mem 10th op"]
[Site "Zaragoza"]
[Date "1998.??.??"]
[Round "6"]
[White "Eslon, Jaan"]
[Black "Lopez Gracia, Fernando"]
[Result "1-0"]
[WhiteElo "2345"]
[BlackElo "2185"]

1.Nf3 Nf6 2.c4 g6 3.g3 Bg7 4.Bg2 O-O 5.O-O d6 6.d4 Nbd7 7.Nc3 e5 8.Qc2 Re8
9.Rd1 c6 10.e4 a5 11.h3 Qb6 12.Be3 exd4 13.Nxd4 Qa6 14.Ndb5  1-0

[Event "Trinec op"]
[Site "Trinec"]
[Date "1999.01.02"]
[Round "8"]
[White "Kolesar, Milan"]
[Black "Hanko, Pavel"]
[Result "1-0"]
[WhiteElo "2215"]
[BlackElo "2245"]

1.Nf3 Nf6 2.c4 g6 3.g3 Bg7 4.Bg2 O-O 5.d4 d6 6.O-O Nc6 7.Nc3 a6 8.d5 Na5
9.Nd2 c5 10.Rb1 Rb8 11.b3 b5 12.Bb2 Bh6 13.Ba1 Bf5 14.e4 Bg4 15.f3 Be3+ 16.Kh1 Bd7
17.cxb5 axb5 18.Ne2 b4 19.f4 Bb5 20.h3 Bd3 21.Rf3 Bxe2 22.Qxe2 Bxd2 23.Qxd2 Nxe4
24.Qe2 Nc3 25.Bxc3 bxc3 26.Rxc3 Rb7 27.Re1 Qc8 28.Kh2 Re8 29.h4 Qc7 30.f5 Reb8
31.Re3 c4 32.b4 Rxb4 33.Rxe7 Qd8 34.f6 h5 35.Qd2 Qf8 36.Ra7 Nb3 37.axb3 cxb3
38.Qb2 Qc8 39.Ree7 Qc2 40.Qxc2 bxc2 41.Rac7 Rb2 42.Rxf7 Re8 43.Rg7+ Kh8 44.Rh7+  1-0

[Event "Bad Zwesten op"]
[Site "Bad Zwesten"]
[Date "1999.01.05"]
[Round "7"]
[White "Schaller, Sven"]
[Black "Sadewasser, Axel"]
[Result "1/2-1/2"]
[WhiteElo "2355"]
[BlackElo "2205"]

1.c4 Nf6 2.Nf3 g6 3.g3 Bg7 4.Bg2 O-O 5.O-O d6 6.Nc3 e5 7.d3 Nc6 8.Rb1 a5
9.a3 Re8 10.Bg5 h6 11.Bxf6 Bxf6 12.b4 axb4 13.axb4 Bg7 14.b5 Ne7 15.Nd2 Rb8
16.Qc2 Be6 17.Rfc1 c6 18.bxc6 bxc6 19.Rxb8 Qxb8 20.Rb1 Qa7 21.Qb3 Qd7 22.Qb7 Rd8
23.e4 Bf6 24.Qxd7 Rxd7 25.Rb8+ Kg7 26.Nb3 Ra7 27.Kf1 Ra3 28.Ke2 c5 29.Rb6 Nc8
30.Rb7 Ne7 31.Rb6 Nc8 32.Rb7 Ne7 33.Rb6  1/2-1/2

[Event "Linares Anibal op"]
[Site "Linares"]
[Date "1999.01.08"]
[Round "1"]
[White "Nogueiras, Jesus"]
[Black "Larios Crespo, Manuel"]
[Result "1-0"]
[WhiteElo "2510"]
[BlackElo "2205"]

1.Nf3 Nf6 2.c4 g6 3.g3 Bg7 4.Bg2 O-O 5.O-O d6 6.Nc3 e5 7.d3 Nc6 8.Rb1 a5
9.a3 Be6 10.b4 axb4 11.axb4 Qd7 12.b5 Ne7 13.Ng5 c6 14.Nxe6 fxe6 15.Qb3 c5
16.Bd2 Nc8 17.b6 Ra6 18.Qb5 Rxb6 19.Qxd7 Nxd7 20.Bxb7 Ne7 21.Rxb6 Nxb6 22.Ra1 Rb8
23.Ra7 Nec8 24.Bxc8 Nxc8 25.Rd7 Bf8 26.Ne4 Be7 27.Bg5 Kf7 28.Bxe7 Nxe7 29.Nxd6+ Kf8
30.Ne4  1-0